The noble scholar, jurist, historian


 His Excellency Dr. Abdul Wahhab bin Ibrahim Abu Sulaiman, may Allah have mercy on him.


 He was born in Umm Al-Qura in the year 1356 AH.

ألف سنة من الوفيات في ثلاث كتب / (Record no. 12391)

MARC details
000 -LEADER
fixed length control field 01571cam a22003611i 4500
003 - CONTROL NUMBER IDENTIFIER
control field SA-RiAUC
005 - DATE AND TIME OF LATEST TRANSACTION
control field 20251005123545.0
008 - FIXED-LENGTH DATA ELEMENTS--GENERAL INFORMATION
fixed length control field 251002s1976 mr g b 00100cara c
040 ## - CATALOGING SOURCE
Original cataloging agency SA-RiAUC
Language of cataloging ara
Transcribing agency SA-RiAUC
Description conventions rda
082 04 - DEWEY DECIMAL CLASSIFICATION NUMBER
Classification number 920
Assigning agency SA-RiAUC
090 ## - LOCALLY ASSIGNED LC-TYPE CALL NUMBER (OCLC); LOCAL CALL NUMBER (RLIN)
Classification number (OCLC) (R) ; Classification number, CALL (RLIN) (NR) 920
Local cutter number (OCLC) ; Book number/undivided call number, CALL (RLIN) ا ل ف
245 00 - TITLE STATEMENT
Title ألف سنة من الوفيات في ثلاث كتب /
Statement of responsibility, etc. تحقيق محمد حجي.
246 3# - VARYING FORM OF TITLE
Title proper/short title 1000 سنة من الوفيات في ثلاث كتب
264 #1 - PRODUCTION, PUBLICATION, DISTRIBUTION, MANUFACTURE, AND COPYRIGHT NOTICE
Place of production, publication, distribution, manufacture الرباط :
Name of producer, publisher, distributor, manufacturer مطبوعات دار المغرب للتأليف والترجمة والنشر،
Date of production, publication, distribution, manufacture, or copyright notice 1976
300 ## - PHYSICAL DESCRIPTION
Extent 390 صفحة ؛
Dimensions 25 سم.
336 ## - CONTENT TYPE
Content type term نص
Content type code txt
Source rdacontent
Materials specified كتاب
337 ## - MEDIA TYPE
Media type term بدون وسيط
Media type code n
Source rdamedia
338 ## - CARRIER TYPE
Carrier type term مجلد
Carrier type code nc
Source rdacarrier
490 1# - SERIES STATEMENT
Series statement سلسلة التراجم (الرباط) ؛
Volume/sequential designation 2
500 ## - GENERAL NOTE
General note كشافات : صفحة 333-388.
504 ## - BIBLIOGRAPHY, ETC. NOTE
Bibliography, etc. note ببليوجرافية : صفحة 389-390.
650 #7 - SUBJECT ADDED ENTRY--TOPICAL TERM
Topical term or geographic name entry element تراجم
Source of heading or term aucsh
700 1# - ADDED ENTRY--PERSONAL NAME
Personal name حجي، محمد،
Dates associated with a name 1923-2004
Relator term محقق.
700 12 - ADDED ENTRY--PERSONAL NAME
Personal name الونشريسي، أحمد بن يحيى بن محمد،
Dates associated with a name 834-914 هجري
700 12 - ADDED ENTRY--PERSONAL NAME
Personal name بن قنفذ، أحمد بن حسين بن علي،
Dates associated with a name 740-810 هجري
700 12 - ADDED ENTRY--PERSONAL NAME
Personal name ابن القاضي، أحمد بن محمد بن محمد،
Dates associated with a name 960-1025 هجري
740 02 - ADDED ENTRY--UNCONTROLLED RELATED/ANALYTICAL TITLE
Uncontrolled related/analytical title وفيات الونشريسي.
740 22 - ADDED ENTRY--UNCONTROLLED RELATED/ANALYTICAL TITLE
Uncontrolled related/analytical title الوفيات.
740 02 - ADDED ENTRY--UNCONTROLLED RELATED/ANALYTICAL TITLE
Uncontrolled related/analytical title لقط الفرائد من لفاظة حقق الفوائد.
830 #0 - SERIES ADDED ENTRY--UNIFORM TITLE
Uniform title سلسلة التراجم (الرباط)
Volume/sequential designation 2
942 ## - ADDED ENTRY ELEMENTS (KOHA)
Source of classification or shelving scheme Dewey Decimal Classification
Koha item type Books
Suppress in OPAC No
949 ## - LOCAL PROCESSING INFORMATION (OCLC)
a SA-JeALM
d 251002
u mohamedma123
n 1
Holdings
Withdrawn status Lost status Source of classification or shelving scheme Damaged status Not for loan Home library Current library Date acquired Total checkouts Full call number Barcode Date last seen Price effective from Koha item type
    Dewey Decimal Classification     DR AbdElwahab Library DR AbdElwahab Library 10/05/2025   920 ا ل ف 000019932 10/05/2025 10/05/2025 Books